[Event "Online Olym Top DivD 2020"]
[Site "chess.com INT"]
[Date "2020.08.23"]
[Round "8.3"]
[Board "4"]
[White "Golubeva, Oksana"]
[Black "Alboredo, Julia"]
[Result "0-1"]
[WhiteTitle "WFM"]
[BlackTitle "WFM"]
[WhiteElo "2179"]
[BlackElo "2182"]
[WhiteTeam "Canada"]
[BlackTeam "Brazil"]
[WhiteFideId "4170164"]
[BlackFideId "2124807"]
[EventDate "2020.08.21"]
[EventType "team"]

1. Nf3 Nf6 2. g3 g6 3. b3 Bg7 4. Bb2 O-O 5. Bg2 d5 6. c4 dxc4 7. bxc4 c5 8. Nc3
Nc6 9. O-O Bd7 10. Rb1 Bf5 11. d3 Qd7 12. Nd5 Rab8 13. Qd2 Bh3 14. Nxf6+ exf6
15. Qf4 Bxg2 16. Kxg2 f5 17. Bxg7 Kxg7 18. Qe5+ Nxe5 19. Nxe5 Qe6 20. Nf3 Qxe2
21. Rb3 Qxa2 22. Rfb1 Qa6 23. Rb5 Qc6 24. R5b3 g5 25. d4 g4 26. d5 gxf3+ 27.
Rxf3 Qd7 28. h3 b5 29. g4 fxg4 30. hxg4 bxc4 31. Rh1 Qxd5 32. Kg3 Rb3 0-1

[Event "Online Olym Top DivD 2020"]
[Site "chess.com INT"]
[Date "2020.08.23"]
[Round "8.3"]
[Board "5"]
[White "Do Valle Cardoso, Lucas"]
[Black "Hua, Eugene"]
[Result "0-1"]
[BlackTitle "FM"]
[WhiteElo "2314"]
[BlackElo "2336"]
[WhiteTeam "Brazil"]
[BlackTeam "Canada"]
[WhiteFideId "2163144"]
[BlackFideId "2618150"]
[EventDate "2020.08.21"]
[EventType "team"]

1. e4 c5 2. Nf3 e6 3. d4 cxd4 4. Nxd4 Nc6 5. Nc3 Qc7 6. Be3 a6 7. Qd2 Nf6 8. f3
Bb4 9. O-O-O O-O 10. g4 b5 11. h4 Ne5 12. g5 Nh5 13. Rg1 Bb7 14. a3 Bxc3 15.
Qxc3 Qxc3 16. bxc3 Rac8 17. Kb2 d5 18. f4 Nc4+ 19. Bxc4 Rxc4 20. e5 Rfc8 21. Bd2
g6 22. Nb3 Ba8 23. Rdf1 Ng7 24. Rf3 Nf5 25. Rd3 Nxh4 26. Nd4 Nf5 27. Nxf5 exf5
28. Re1 a5 29. Rd4 Bc6 30. e6 Re8 31. e7 f6 32. gxf6 Kf7 33. Rxc4 dxc4 34. Re5
Kxf6 35. Be1 h6 36. Rc5 Bd7 37. a4 bxa4 38. Rxc4 Rxe7 39. Bf2 g5 40. Bb6 Be6 41.
Rc6 Rb7 42. Ka3 g4 43. Bf2 h5 44. c4 Rb4 45. c5 Rxf4 46. Bh4+ Kf7 47. Rc7+ Kg6
48. Re7 Re4 49. c6 Bc8 50. Rc7 Re8 51. Bg3 Re3+ 52. Kxa4 Rxg3 53. Rxc8 Rc3 54.
c7 Kg7 55. Kxa5 Rxc2 56. Kb6 h4 57. Rd8 Rxc7 58. Kxc7 h3 59. Kd6 h2 0-1

[Event "Online Olym Top DivD 2020"]
[Site "chess.com INT"]
[Date "2020.08.23"]
[Round "8.4"]
[Board "1"]
[White "So, Wesley"]
[Black "Cordova, Emilio"]
[Result "1/2-1/2"]
[WhiteTitle "GM"]
[BlackTitle "GM"]
[WhiteElo "2770"]
[BlackElo "2592"]
[WhiteTeam "United States of America"]
[BlackTeam "Peru"]
[WhiteFideId "5202213"]
[BlackFideId "3801497"]
[EventDate "2020.08.21"]
[EventType "team"]

1. e4 c5 2. Nf3 Nc6 3. Bb5 g6 4. O-O Bg7 5. c3 Nf6 6. Re1 O-O 7. d4 cxd4 8. cxd4
d5 9. e5 Ne4 10. Be3 Qb6 11. Bxc6 bxc6 12. Qc1 a5 13. Nc3 Nxc3 14. Qxc3 Bg4 15.
Nd2 Rfb8 16. b3 a4 17. bxa4 Bf5 18. Rec1 Rxa4 19. Qxc6 Qxc6 20. Rxc6 Rba8 21. h3
h5 22. Rb6 f6 23. exf6 Bxf6 24. Nf3 Rxa2 25. Rxa2 Rxa2 26. Ne5 Bxe5 27. dxe5 Kf7
28. Rb7 Ke6 29. Kh2 Kxe5 30. Rxe7+ Kd6 31. Re8 Ra4 32. Rd8+ Ke5 33. Bh6 d4 34.
f3 Ke6 35. g4 hxg4 36. hxg4 Bc2 37. Kg3 Bd1 38. Rg8 Ra3 39. Rxg6+ Kf7 40. Rg7+
Ke6 41. Rg6+ Kf7 42. Rd6 Rxf3+ 43. Kh4 Rf1 44. Rxd4 Rh1+ 45. Kg5 Rg1 46. Rf4+
Ke8 47. Re4+ Kf7 48. Rf4+ Ke8 49. Kf5 Bxg4+ 50. Rxg4 Rxg4 51. Kxg4 1/2-1/2

[Event "Online Olym Top DivD 2020"]
[Site "chess.com INT"]
[Date "2020.08.23"]
[Round "8.4"]
[Board "3"]
[White "Yip, Carissa"]
[Black "Chumpitaz, Ann"]
[Result "0-1"]
[WhiteTitle "IM"]
[BlackTitle "WIM"]
[WhiteElo "2421"]
[BlackElo "2244"]
[WhiteTeam "United States of America"]
[BlackTeam "Peru"]
[WhiteFideId "2090732"]
[BlackFideId "3804178"]
[EventDate "2020.08.21"]
[EventType "team"]

1. e4 c5 2. Nf3 e6 3. d4 cxd4 4. Nxd4 Nc6 5. Nc3 Qc7 6. Be3 Nf6 7. Qd2 Bb4 8. f3
Nxd4 9. Qxd4 Bxc3+ 10. bxc3 e5 11. Qc5 Qxc5 12. Bxc5 d5 13. exd5 Nxd5 14. O-O-O
Nxc3 15. Rd3 Na4 16. Ba3 f6 17. Re3 Kf7 18. Bb5 Nb6 19. Rc3 Nd5 20. Rc5 Nf4 21.
Rc7+ Kg6 22. Bc4 Be6 23. Bxe6 Nxe6 24. Rxb7 Rhc8 25. h4 h5 26. Kd2 Rc6 27. Rd7
Rac8 28. Rc1 a5 29. c3 Rc4 30. g3 Nc7 31. Bb2 Nb5 32. Kd3 a4 33. Rd5 Na7 34. Ba3
R8c7 35. Bd6 R7c6 36. Ba3 Nc8 37. Rb5 Kf5 38. Bb4 Rc7 39. Ba3 R7c6 40. Bb4 Rc7
41. Re1 R4c6 42. f4 Rd7+ 43. Kc2 Re6 44. fxe5 fxe5 45. Re3 Kg4 46. c4 Nb6 47.
Be1 Rc7 48. c5 Nd5 49. Rd3 Nf6 50. Re3 Nd5 51. Re4+ Kf3 52. Rxa4 Ne3+ 53. Kc1 e4
54. Rb3 Ke2 55. Bb4 Nd5 56. Ba3 e3 57. Rd4 Nf6 58. Bb4 Ng4 59. Rb2+ Kf3 60. Be1
Rxc5+ 61. Kd1 e2+ 62. Kd2 Kg2 63. Rb3 Kf1 64. Rf3+ Kg2 65. Rfd3 Rb5 66. Rb3 Ra5
67. a4 Rae5 68. Rb5 Nh2 69. Rxe5 Rxe5 70. Rf4 Nf3+ 71. Rxf3 Kxf3 72. Kd3 Kg2 73.
a5 Kf1 74. Kd2 Rd5+ 75. Ke3 Kxe1 0-1

[Event "Online Olym Top DivD 2020"]
[Site "chess.com INT"]
[Date "2020.08.23"]
[Round "8.4"]
[Board "6"]
[White "Contreras Huaman, Fiorella"]
[Black "Wang, Annie"]
[Result "0-1"]
[WhiteTitle "WFM"]
[BlackTitle "IM"]
[WhiteElo "1937"]
[BlackElo "2384"]
[WhiteTeam "Peru"]
[BlackTeam "United States of America"]
[WhiteFideId "3824675"]
[BlackFideId "2053900"]
[EventDate "2020.08.21"]
[EventType "team"]

1. e4 c5 2. Nc3 Nc6 3. g3 Nf6 4. Bg2 d6 5. d3 g6 6. h3 Bg7 7. Be3 Rb8 8. f4 O-O
9. Nf3 b5 10. Qd2 b4 11. Nd1 Bb7 12. O-O a5 13. g4 e6 14. f5 Nd7 15. Bh6 d5 16.
Bxg7 Kxg7 17. Ne3 dxe4 18. dxe4 Nde5 19. Qf2 Nxf3+ 20. Qxf3 Qf6 21. Kh1 Ba6 22.
Rf2 Rbd8 23. Qg3 Qxb2 24. Re1 Qc3 25. f6+ Kh8 26. Rg1 Nd4 27. Qc7 Qxe3 28. Rf4
Ne2 0-1

[Event "Online Olym Top DivD 2020"]
[Site "chess.com INT"]
[Date "2020.08.23"]
[Round "8.5"]
[Board "2"]
[White "Bartel, Mateusz"]
[Black "Acosta, Pablo Ismael"]
[Result "0-1"]
[WhiteTitle "GM"]
[BlackTitle "IM"]
[WhiteElo "2643"]
[BlackElo "2465"]
[WhiteTeam "Poland"]
[BlackTeam "Argentina"]
[WhiteFideId "1112635"]
[BlackFideId "124311"]
[EventDate "2020.08.21"]
[EventType "team"]

1. e4 c5 2. Nf3 e6 3. d4 cxd4 4. Nxd4 a6 5. Nc3 Qc7 6. g3 Nf6 7. Bg2 Be7 8. O-O
Nc6 9. Nb3 O-O 10. a4 d6 11. a5 Ne5 12. f4 Nc4 13. g4 d5 14. e5 Nd7 15. g5 Rd8
16. Kh1 Nf8 17. Nd4 g6 18. Qe1 Bb4 19. Ncb5 Qe7 20. c3 Bxa5 21. Nd6 Bb6 22. Nxc4
dxc4 23. Be3 Bc5 24. Qe2 Bd7 25. Bxb7 Ra7 26. Bg2 Rb8 27. Qxc4 Rxb2 28. Rfb1
Rxb1+ 29. Rxb1 Rc7 30. Qxa6 Bc8 31. Qa8 Qd7 32. Bg1 Be7 33. Bc6 Qd8 34. Nb5 Rxc6
35. Qxc6 Qd3 36. Rb2 Bd7 37. Qb7 Qc4 38. Nd4 Bc5 39. Nf3 Ba3 40. Qb3 Qxf4 41.
Qxa3 Qxf3+ 42. Rg2 Bc6 43. Qb2 Nd7 44. h3 Qxh3+ 45. Bh2 Kg7 46. Kg1 Bxg2 47.
Qxg2 Qxc3 48. Bf4 Qe1+ 49. Qf1 Qxf1+ 50. Kxf1 h5 51. gxh6+ Kh7 52. Ke2 g5 53.
Bxg5 Nxe5 54. Ke3 Ng4+ 55. Kf4 Nxh6 56. Ke5 Kg6 57. Bd8 Ng4+ 58. Kf4 f5 59. Bc7
e5+ 60. Kf3 Kf6 61. Bd8+ Ke6 62. Bg5 Nf6 63. Ke3 Nd5+ 64. Kd3 f4 65. Ke4 Nf6+
66. Kf3 Kf5 67. Bh4 e4+ 68. Ke2 Ng4 69. Be1 f3+ 70. Kf1 e3 71. Ba5 Ke4 0-1

[Event "Online Olym Top DivD 2020"]
[Site "chess.com INT"]
[Date "2020.08.23"]
[Round "8.5"]
[Board "3"]
[White "Besso, Guadalupe"]
[Black "Socko, Monika"]
[Result "0-1"]
[WhiteTitle "WIM"]
[BlackTitle "GM"]
[WhiteElo "2111"]
[BlackElo "2428"]
[WhiteTeam "Argentina"]
[BlackTeam "Poland"]
[WhiteFideId "123161"]
[BlackFideId "1106619"]
[EventDate "2020.08.21"]
[EventType "team"]

1. d4 Nf6 2. c4 e6 3. Nc3 Bb4 4. Nf3 O-O 5. e3 d5 6. Bd3 b6 7. O-O Ba6 8. cxd5
exd5 9. Bxa6 Nxa6 10. Qa4 Qc8 11. Bd2 Re8 12. Rac1 Bf8 13. Qb3 Qb7 14. Ne5 c5
15. Qc2 Nb4 16. Qb1 Rac8 17. Ne2 Nc6 18. Nxc6 Rxc6 19. dxc5 bxc5 20. Ng3 Ne4 21.
Nxe4 Rxe4 22. Bc3 Rg6 23. g3 Rh4 24. Qf5 d4 25. exd4 Rxh2 26. d5 Rh4 27. Rfe1
Qb8 28. Be5 Qd8 29. Qxg6 hxg6 30. gxh4 Qxh4 31. d6 Qg4+ 32. Kf1 Qh3+ 33. Kg1
Qg4+ 34. Bg3 Bxd6 35. Re8+ Kh7 36. Kg2 Bxg3 37. fxg3 g5 38. Rxc5 Qd4 39. Rc2 g4
40. Rce2 f5 41. b3 f4 42. gxf4 Qxf4 43. R8e3 Kg6 44. Re1 Kh6 45. R1e2 g6 46. Re1
Qf5 47. R1e2 Qa5 48. Re5 Qc3 49. R5e3 Qa1 50. Re7 Qd1 51. R7e3 Kh5 52. Re5+ Kh4
53. Re1 Qf3+ 54. Kg1 g3 55. R5e2 Kh3 56. b4 Qc3 57. Rb1 Qd3 58. Rbe1 Qd4+ 59.
Kf1 Qxb4 60. Rd1 Qc4 61. Re1 Qd3 62. Kg1 Qf3 63. a4 a5 64. Ra2 Qb3 65. Raa1 Qb2 0-1

[Event "Online Olym Top DivD 2020"]
[Site "chess.com INT"]
[Date "2020.08.23"]
[Round "8.5"]
[Board "4"]
[White "Zawadzka, Jolanta"]
[Black "Francisco Guecamburu, Candela Be"]
[Result "1/2-1/2"]
[WhiteTitle "WGM"]
[BlackTitle "WFM"]
[WhiteElo "2419"]
[BlackElo "2034"]
[WhiteTeam "Poland"]
[BlackTeam "Argentina"]
[WhiteFideId "1122320"]
[BlackFideId "160911"]
[EventDate "2020.08.21"]
[EventType "team"]

1. e4 c5 2. Nf3 g6 3. c3 d5 4. e5 Bg7 5. d4 Nc6 6. Bb5 Qb6 7. Na3 c4 8. O-O a6
9. Ba4 Qc7 10. b4 b5 11. Bc2 h6 12. h3 e6 13. Bf4 Nge7 14. Qd2 Bb7 15. Bh2 O-O
16. g4 Qb6 17. Bd1 a5 18. Nc2 axb4 19. cxb4 Ra4 20. Qc3 Rfa8 21. a3 Qa7 22. Be2
Nc8 23. Nd2 Nb6 24. f4 Ne7 25. Rf3 Ra6 26. Raf1 Na4 27. Qe3 Bc8 28. Rg3 Rc6 29.
Qf2 Rc7 30. Nb1 Qb7 31. Nc3 Nxc3 32. Rxc3 Ra4 33. Bd1 Qa7 34. Bg3 Nc6 35. Qd2
Ne7 36. Bf2 Kh7 37. Kh2 Ra6 38. Be3 Qb8 39. Qf2 Raa7 40. Bc1 Bd7 41. Ne1 Qe8 42.
Bc2 Rcb7 43. h4 Qc8 44. h5 Qe8 45. Rh3 Kg8 46. Nf3 Bc8 47. g5 Nf5 48. Bxf5 exf5
49. gxh6 Bf8 50. Rg1 Ra6 51. hxg6 fxg6 52. Ng5 Kh8 53. Qg2 Be6 54. Qf2 Rc6 55.
Rgg3 Rbb6 56. Nf3 Bf7 57. e6 Rxe6 58. Ne5 Bd6 59. Rg5 Bxe5 60. fxe5 Kh7 61. Rgg3
Qc8 62. Bg5 Rec6 63. Bf6 Ra6 64. Rc3 Qe6 65. Qf4 Qe8 66. Rcg3 Qe6 67. Rc3 Qe8
68. Kg2 Qe6 69. Kf2 Ra4 70. Ke2 Rca6 71. Kd2 Qc8 72. Kc2 Qa8 73. Kb2 Qc6 74.
Rhe3 Qe6 75. Rg3 Ra8 76. Qh4 R4a6 77. Be7 Re8 78. Bc5 Rea8 79. Qf4 Re8 80. Rg1
Rea8 81. Rgg3 Re8 82. Rh3 Rea8 83. Qg5 Re8 84. Rcf3 Rc6 85. Rf4 Rg8 86. Rg3 Ra6
87. Qe7 Qxe7 88. Bxe7 Re6 89. Bg5 Ra8 90. Rc3 Raa6 91. Rf1 Ra4 92. Rff3 Be8 93.
Kc2 Bf7 94. Kd2 Be8 95. Ke3 Raa6 96. Kf4 Bf7 97. Rh3 Be8 98. Bd8 Bf7 99. Kg5 Be8
100. Bf6 Bf7 101. Rh1 Be8 102. Ra1 Ra4 103. Rh1 1/2-1/2

[Event "Online Olym Top DivD 2020"]
[Site "chess.com INT"]
[Date "2020.08.23"]
[Round "8.5"]
[Board "5"]
[White "Coro, Lucas"]
[Black "Janik, Igor"]
[Result "0-1"]
[WhiteTitle "IM"]
[BlackTitle "IM"]
[WhiteElo "2352"]
[BlackElo "2471"]
[WhiteTeam "Argentina"]
[BlackTeam "Poland"]
[WhiteFideId "147222"]
[BlackFideId "1159259"]
[EventDate "2020.08.21"]
[EventType "team"]

1. e4 c6 2. Nf3 d5 3. d3 dxe4 4. dxe4 Qxd1+ 5. Kxd1 Nf6 6. Nfd2 g5 7. a4 g4 8.
a5 Bh6 9. c3 Be6 10. Kc2 Nbd7 11. h3 gxh3 12. gxh3 Rg8 13. Na3 Ne5 14. Ndc4 Nxc4
15. Bxh6 Nxa3+ 16. Rxa3 Nxe4 17. Be3 Nd6 18. Ra4 a6 19. Bd3 Bf5 20. Rh4 Bg6 21.
Bb6 h5 22. Re1 Bxd3+ 23. Kxd3 Rg5 24. Kc2 Kd7 25. Rf4 Rag8 26. Rd1 Rd5 27. Re1
Rgg5 28. Rb4 c5 29. Rf4 Rdf5 30. Rxf5 Rxf5 31. Re2 e6 32. b4 c4 33. Be3 Kc6 34.
Rd2 Rd5 35. Re2 Rd3 36. Bf4 Rxh3 37. Re5 Rf3 38. Bg3 Rf5 39. Re1 Nb5 40. Re4 Kd5
41. Re3 e5 42. Re1 f6 43. Re3 Nd6 44. Re1 Ne4 45. Re2 Rf3 46. Kb2 Rxc3 0-1

[Event "Online Olym Top DivD 2020"]
[Site "chess.com INT"]
[Date "2020.08.23"]
[Round "8.5"]
[Board "6"]
[White "Sliwicka, Alicja"]
[Black "Borda Rodas, Anapaola S."]
[Result "1/2-1/2"]
[WhiteTitle "WIM"]
[BlackTitle "WFM"]
[WhiteElo "2317"]
[BlackElo "2138"]
[WhiteTeam "Poland"]
[BlackTeam "Argentina"]
[WhiteFideId "1150677"]
[BlackFideId "152781"]
[EventDate "2020.08.21"]
[EventType "team"]

1. e4 e5 2. Nf3 Nc6 3. d4 exd4 4. Nxd4 Bc5 5. Nb3 Bb6 6. a4 a6 7. Nc3 d6 8. Nd5
Ba7 9. Be3 Bxe3 10. Nxe3 Nf6 11. Bd3 O-O 12. O-O Re8 13. f3 Be6 14. a5 d5 15.
Nc5 dxe4 16. Bxe4 Nxe4 17. Nxe4 Qe7 18. Nd5 Bxd5 19. Qxd5 Rad8 20. Qb3 Qb4 1/2-1/2

[Event "Online Olym Top DivD 2020"]
[Site "chess.com INT"]
[Date "2020.08.23"]
[Round "9.1"]
[Board "2"]
[White "Ortiz Suarez, Isan Reynaldo"]
[Black "Bartel, Mateusz"]
[Result "0-1"]
[WhiteTitle "GM"]
[BlackTitle "GM"]
[WhiteElo "2545"]
[BlackElo "2643"]
[WhiteTeam "Cuba"]
[BlackTeam "Poland"]
[WhiteFideId "3507165"]
[BlackFideId "1112635"]
[EventDate "2020.08.21"]
[EventType "team"]

1. e4 e6 2. d4 d5 3. Nd2 Be7 4. Ngf3 Nf6 5. e5 Nfd7 6. c3 c5 7. Bd3 Nc6 8. O-O
g5 9. Nb1 g4 10. Ne1 h5 11. Nc2 Qb6 12. Be2 f5 13. b3 Nf8 14. Kh1 Bd7 15. f4
cxd4 16. cxd4 Rc8 17. Ba3 Ng6 18. Qd2 Rc7 19. Rc1 Kf7 20. Bxe7 Ncxe7 21. Nc3
Rhc8 22. Nd1 Rxc2 23. Rxc2 Rxc2 24. Qxc2 Qxd4 25. Nc3 Nxf4 26. Bf1 Qxe5 27. Qd2
d4 28. Na4 Qe3 29. Qxe3 dxe3 30. Re1 Bxa4 31. bxa4 Nfd5 32. Kg1 f4 33. Be2 Kf6
34. Kf1 Nc6 35. Rc1 Ke5 36. h3 gxh3 37. gxh3 Nd4 38. Bxh5 f3 39. Bxf3 Nxf3 40.
Ke2 Ke4 41. Rc4+ Nd4+ 42. Ke1 Nf4 43. h4 Nd3+ 0-1

[Event "Online Olym Top DivD 2020"]
[Site "chess.com INT"]
[Date "2020.08.23"]
[Round "9.1"]
[Board "4"]
[White "Miranda Llanes, Yerisbel"]
[Black "Zawadzka, Jolanta"]
[Result "0-1"]
[WhiteTitle "WIM"]
[BlackTitle "WGM"]
[WhiteElo "2262"]
[BlackElo "2419"]
[WhiteTeam "Cuba"]
[BlackTeam "Poland"]
[WhiteFideId "3507700"]
[BlackFideId "1122320"]
[EventDate "2020.08.21"]
[EventType "team"]

1. d4 d5 2. c4 e6 3. Nc3 Bb4 4. Nf3 Nf6 5. cxd5 exd5 6. Bf4 Ne4 7. Rc1 Nc6 8. g3
g5 9. Be3 f5 10. Nd2 Nxc3 11. bxc3 Ba3 12. Rb1 O-O 13. Nf3 f4 14. gxf4 gxf4 15.
Rg1+ Kh8 16. Bd2 Bd6 17. c4 Qf6 18. cxd5 Ne7 19. Qb3 b6 20. Ne5 Bf5 21. Rc1 Rg8
22. Rxg8+ Rxg8 23. Bxf4 Rg1 24. e3 Be4 25. Kd2 Nxd5 26. Bg3 Rxg3 27. fxg3 Qf2+
28. Be2 Bb4+ 29. Qxb4 Nxb4 30. Rxc7 Nd5 31. Ng4 Qf8 32. Rxa7 Qb4+ 33. Kd1 Nc3+
34. Ke1 Nb5+ 0-1

[Event "Online Olym Top DivD 2020"]
[Site "chess.com INT"]
[Date "2020.08.23"]
[Round "9.1"]
[Board "5"]
[White "Janik, Igor"]
[Black "Albornoz Cabrera, Carlos Daniel"]
[Result "1/2-1/2"]
[WhiteTitle "IM"]
[BlackTitle "GM"]
[WhiteElo "2471"]
[BlackElo "2573"]
[WhiteTeam "Poland"]
[BlackTeam "Cuba"]
[WhiteFideId "1159259"]
[BlackFideId "3518736"]
[EventDate "2020.08.21"]
[EventType "team"]

1. d4 Nf6 2. c4 g6 3. Nf3 Bg7 4. g3 O-O 5. Bg2 d6 6. O-O Nbd7 7. Qc2 e5 8. Rd1
exd4 9. Nxd4 Re8 10. Nc3 a5 11. e4 Nc5 12. Ndb5 Bd7 13. f3 Bc6 14. Be3 Nfd7 15.
Bf2 Na6 16. Qd2 Ne5 17. b3 f5 18. Nd4 fxe4 19. Nxc6 bxc6 20. Nxe4 Qe7 21. Rac1
Nb4 22. Rc3 Kh8 23. Re3 Bh6 24. f4 Ng4 25. Ree1 Nxf2 26. Nxf2 Qd7 27. a3 Na6 28.
Rxe8+ Rxe8 29. Qxa5 Nb8 30. Re1 Bg7 31. Qd2 c5 32. Bh3 Qf7 33. Bg4 Nc6 34. Rxe8+
Qxe8 35. Qe2 Qb8 36. Qd3 Nd4 37. Bd1 c6 38. Qe4 Qd8 39. Bf3 d5 40. cxd5 Nxf3+
41. Qxf3 cxd5 42. Qd3 Bd4 43. Kg2 Qe8 44. Qd2 Qa8 45. Qe2 Bg7 46. Qf3 Qd8 47.
Nd3 c4 48. bxc4 dxc4 49. Ne5 Bxe5 50. fxe5 Qd2+ 51. Kh3 Qd7+ 52. g4 Kg8 53. Qf6
Qf7 54. Qd8+ Kg7 55. Qd4 Qf3+ 56. Kh4 c3 57. Qd7+ Kg8 58. Qc8+ Kg7 59. Qc7+ Kg8
60. Qc8+ Kg7 61. Qc7+ Kg8 62. Qc8+ 1/2-1/2

[Event "Online Olym Top DivD 2020"]
[Site "chess.com INT"]
[Date "2020.08.23"]
[Round "9.1"]
[Board "6"]
[White "Obregon Garcia, Roxangel"]
[Black "Sliwicka, Alicja"]
[Result "0-1"]
[WhiteTitle "WIM"]
[BlackTitle "WIM"]
[WhiteElo "2138"]
[BlackElo "2317"]
[WhiteTeam "Cuba"]
[BlackTeam "Poland"]
[WhiteFideId "3520420"]
[BlackFideId "1150677"]
[EventDate "2020.08.21"]
[EventType "team"]

1. e4 c5 2. Nf3 d6 3. d4 Nf6 4. Nc3 cxd4 5. Nxd4 Bd7 6. Bg5 e6 7. Ndb5 Bc6 8.
Bxf6 gxf6 9. Qh5 a6 10. Nd4 Qb6 11. O-O-O Qc5 12. Qh3 Bd7 13. f4 Nc6 14. Nb3 Qf2
15. Qg3 Qb6 16. Be2 h5 17. Qd3 O-O-O 18. Rhf1 Kb8 19. Kb1 Be8 20. a3 Ne7 21. Bf3
f5 22. e5 d5 23. Rd2 Nc6 24. Rfd1 Na5 25. Nxa5 Qxa5 26. Ka2 Rc8 27. Ne2 Bb5 28.
Qe3 Bc5 29. Nd4 Qb6 30. Be2 Bxd4 31. Rxd4 Rxc2 32. Bxb5 Qxb5 33. Rb4 Qc6 34. Qb3
Rc8 35. Rb6 Qc7 36. Rd4 Rc4 37. Rd2 Ka7 38. Rd6 Qc5 39. g3 Rc7 40. Rd8 Qg1 41.
Rd1 Qf2 42. Rd6 Rc2 43. Rf1 Qc5 44. Rd1 Rxh2 45. Rd3 Rc2 46. a4 Rc4 47. Rc3 Rxc3
48. bxc3 Rc6 49. Rxc6 Qxc6 50. Kb2 Qb6 51. Qxb6+ Kxb6 52. Kb3 Kc5 53. a5 Kb5 54.
Ka3 Kxa5 55. Kb3 Kb5 56. Kc2 Kc4 0-1

[Event "Online Olym Top DivD 2020"]
[Site "chess.com INT"]
[Date "2020.08.23"]
[Round "9.2"]
[Board "1"]
[White "Cori, Jorge"]
[Black "Pichot, Alan"]
[Result "0-1"]
[WhiteTitle "GM"]
[BlackTitle "GM"]
[WhiteElo "2652"]
[BlackElo "2630"]
[WhiteTeam "Peru"]
[BlackTeam "Argentina"]
[WhiteFideId "3802272"]
[BlackFideId "110973"]
[EventDate "2020.08.21"]
[EventType "team"]

1. d4 Nf6 2. Nf3 d5 3. c4 e6 4. e3 a6 5. cxd5 exd5 6. Bd3 Bd6 7. Nc3 O-O 8. h3
b6 9. b3 Bb7 10. Bb2 Nbd7 11. O-O Qe7 12. Rc1 Rfe8 13. Re1 Ne4 14. Bxe4 dxe4 15.
Nd2 c5 16. Nc4 Bc7 17. d5 Qg5 18. d6 Bd8 19. a4 Bc6 20. Ra1 Bf6 21. Qc2 Rad8 22.
Red1 Ne5 23. Nxe5 Bxe5 24. Rd2 Rxd6 25. Rad1 Rg6 26. g3 Bxg3 27. fxg3 Qxe3+ 28.
Kf1 Qxg3 29. Rg2 Qxh3 30. Nd5 Qh1+ 0-1

[Event "Online Olym Top DivD 2020"]
[Site "chess.com INT"]
[Date "2020.08.23"]
[Round "9.2"]
[Board "4"]
[White "Francisco Guecamburu, Candela Be"]
[Black "Aliaga Fernandez, Ingrid Y"]
[Result "0-1"]
[WhiteTitle "WFM"]
[BlackTitle "WIM"]
[WhiteElo "2034"]
[BlackElo "2191"]
[WhiteTeam "Argentina"]
[BlackTeam "Peru"]
[WhiteFideId "160911"]
[BlackFideId "3802191"]
[EventDate "2020.08.21"]
[EventType "team"]

1. e4 c5 2. Nf3 d6 3. Bb5+ Bd7 4. Bxd7+ Qxd7 5. c4 Nc6 6. d4 cxd4 7. Nxd4 Nf6 8.
Nc3 g6 9. b3 Bg7 10. Bb2 O-O 11. O-O Rac8 12. Qd2 Rfd8 13. Rad1 a6 14. Rfe1 Ne5
15. h3 e6 16. Qe2 Qc7 17. Na4 Ned7 18. Nf3 Nh5 19. Bd4 Nc5 20. Nc3 Rb8 21. Bxg7
Nxg7 22. Nh2 h5 23. Rc1 Nd7 24. Nf3 Ne5 25. Red1 Qe7 26. Nd4 Rbc8 27. f4 Nc6 28.
Nxc6 bxc6 29. c5 Qa7 30. Na4 d5 31. Nb6 Rc7 32. b4 Re7 33. Qc2 Ree8 34. Qa4 Qb7
35. Qc2 Kh7 36. Rd4 Qc7 37. e5 Rb8 38. g4 Qe7 39. Qf2 Rb7 40. Kg2 Kg8 41. Rc3
Ra7 42. a4 Rb8 43. Rd2 Rf8 44. Re2 Rb7 45. Qd4 Qh4 46. Rg3 f6 47. exf6 Qxf6 48.
Qxf6 Rxf6 49. Rf3 Rbf7 50. Ref2 Rc7 51. Kg3 Rff7 52. Re3 Rf8 53. Re5 Kf7 54.
Rfe2 Rb8 55. R2e3 Rcb7 56. Rc3 Rc7 57. Re2 hxg4 58. hxg4 Ne8 59. Rce3 Ng7 60.
Rc2 Rcb7 61. Rec3 Ne8 62. Re3 Nf6 63. a5 Rd8 64. Rd3 Ne4+ 65. Kf3 g5 66. Re2 Kg6
67. Kg2 Rf8 68. fxg5 Rf4 69. Rb2 Rxg4+ 70. Kf3 Rg3+ 71. Ke2 Rg2+ 0-1

[Event "Online Olym Top DivD 2020"]
[Site "chess.com INT"]
[Date "2020.08.23"]
[Round "9.2"]
[Board "5"]
[White "Quirhuayo Chumbe, German Gonzalo"]
[Black "Coro, Lucas"]
[Result "1/2-1/2"]
[WhiteTitle "FM"]
[BlackTitle "IM"]
[WhiteElo "2296"]
[BlackElo "2352"]
[WhiteTeam "Peru"]
[BlackTeam "Argentina"]
[WhiteFideId "3813509"]
[BlackFideId "147222"]
[EventDate "2020.08.21"]
[EventType "team"]

1. e4 c6 2. Nf3 d5 3. Nc3 dxe4 4. Nxe4 Nf6 5. Qe2 Nxe4 6. Qxe4 Qa5 7. Bd3 Nd7 8.
b4 Qc7 9. O-O Nf6 10. Qh4 g6 11. Bb2 Bg7 12. Rfe1 O-O 13. Ng5 h6 14. Ne4 Nxe4
15. Bxg7 Kxg7 16. Qxe4 Re8 17. f4 Qd6 18. Qc4 Qf6 19. Re5 Be6 20. Qc3 Rad8 21.
Rae1 Rd5 22. Bc4 Rxe5 23. fxe5 Qf5 24. Bd3 Qg4 1/2-1/2

[Event "Online Olym Top DivD 2020"]
[Site "chess.com INT"]
[Date "2020.08.23"]
[Round "9.2"]
[Board "6"]
[White "Borda Rodas, Anapaola S."]
[Black "Garcia Andrada, Heidy Nicole"]
[Result "1/2-1/2"]
[WhiteTitle "WFM"]
[BlackTitle "WFM"]
[WhiteElo "2138"]
[BlackElo "1912"]
[WhiteTeam "Argentina"]
[BlackTeam "Peru"]
[WhiteFideId "152781"]
[BlackFideId "3831779"]
[EventDate "2020.08.21"]
[EventType "team"]

1. e4 c5 2. Nf3 e6 3. d4 cxd4 4. Nxd4 a6 5. Be2 Nf6 6. Nc3 Qc7 7. O-O d6 8. f4
Nbd7 9. Kh1 b5 10. Bf3 Bb7 11. a3 Be7 12. Qe1 Nb6 13. e5 dxe5 14. fxe5 Nfd7 15.
Qg3 Bxf3 16. Nxf3 O-O-O 17. Bg5 f6 18. Be3 g6 19. Bxb6 Nxb6 20. Ne4 Rhf8 21.
exf6 Qxg3 22. hxg3 Bxf6 23. Nxf6 Rxf6 24. Ng5 Rdf8 25. Rfe1 Kd7 26. Rad1+ Ke7
27. Kg1 Rh8 28. Ne4 Rf5 29. b3 Rd8 30. Rxd8 Kxd8 31. Rd1+ 1/2-1/2

[Event "Online Olym Top DivD 2020"]
[Site "chess.com INT"]
[Date "2020.08.23"]
[Round "9.3"]
[Board "1"]
[White "Noritsyn, Nikolay"]
[Black "So, Wesley"]
[Result "0-1"]
[WhiteTitle "IM"]
[BlackTitle "GM"]
[WhiteElo "2512"]
[BlackElo "2770"]
[WhiteTeam "Canada"]
[BlackTeam "United States of America"]
[WhiteFideId "2604922"]
[BlackFideId "5202213"]
[EventDate "2020.08.21"]
[EventType "team"]

1. b3 e5 2. Bb2 Nc6 3. e3 d5 4. Bb5 Bd6 5. Nf3 f6 6. c4 a6 7. Bxc6+ bxc6 8. d4
e4 9. Ng1 a5 10. Nc3 Bb4 11. Ne2 Ne7 12. O-O O-O 13. Na4 Ng6 14. c5 Nh4 15. Ng3
f5 16. a3 f4 17. exf4 Bd2 18. Qxd2 Bh3 19. f3 Bxg2 20. fxe4 dxe4 21. Rf2 Nf3+
22. Rxf3 Bxf3 23. Nc3 Rxf4 24. Re1 Qh4 25. d5 Rg4 26. Ne2 Qh3 27. Nf4 Rxf4 28.
d6 cxd6 29. cxd6 Rf7 30. Be5 h5 0-1